[Event "Metz op-B 29th"]
[Site "Metz"]
[Date "2011.05.05"]
[Round "6"]
[White "Van Rienen, Willy"]
[Black "Paturaux, Laurent"]
[Result "1/2-1/2"]
[WhiteElo "1967"]
[BlackElo "1799"]
[PlyCount "61"]
[EventDate "2011.05.02"]
[EventType "swiss"]
[EventRounds "9"]
[EventCountry "FRA"]
[SourceTitle "EXT 2013"]
[Source "ChessBase"]
[SourceDate "2012.11.22"]
[SourceVersion "1"]
[SourceVersionDate "2012.11.22"]
[SourceQuality "1"]

1. e4 c5 2. Nf3 d6 3. Bc4 e6 4. d4 cxd4 5. Nxd4 Nf6 6. Nc3 a6 7. 0-0 Nbd7 8. Be3 Qc7 9. Be2 Nc5 10. Bf3 e5 11. Nb3 Be6 12. Nxc5 dxc5 13. Nd5 Bxd5 14. exd5 Bd6 15. c4 e4 16. Be2 Bxh2+ 17. Kh1 Bd6 18. f3 h5 19. fxe4 Nxe4 20. Rf3 0-0-0 21. Bd3 f5 22. Bxe4 fxe4 23. Rf5 g6 24. Rf6 Qe7 25. Rxg6 Qh4+ 26. Kg1 Rhf8 27. Rxd6 Rxd6 28. Bxc5 Rdf6 29. Bxf8 Qf2+ 30. Kh2 Rxf8 31. Qe1 1/2-1/2